|
|
|
|
| LEADER |
00620 a2200181 4500 |
| 020 |
|
|
|a 9780761964575
|
| 082 |
|
|
|a 301.01
|b BRY/C
|
| 100 |
|
|
|a Bryan S Turner
|9 21131
|
| 245 |
|
|
|a Classical sociology/
|c by Bryan S Turner.
|
| 260 |
|
|
|a London:
|b Sage,
|c 1999.
|
| 300 |
|
|
|a 291p.
|
| 650 |
|
|
|a Sociology philosophy
|9 21132
|
| 650 |
|
|
|a Sociology theory
|9 21133
|
| 650 |
|
|
|a Class theory
|9 21134
|
| 650 |
|
|
|a Social classes
|9 21135
|
| 942 |
|
|
|c BK
|
| 999 |
|
|
|c 66820
|d 66820
|
| 952 |
|
|
|0 0
|1 0
|4 0
|6 301_010000000000000_BRY_C
|7 0
|9 87045
|a SSUS
|b SSUS
|c STACKS
|d 2017-10-17
|g 10516.00
|l 5
|m 1
|o 301.01 BRY/C
|p 085380
|r 2019-10-04
|s 2019-10-04
|w 2017-10-17
|y BK
|